FIASCO: The American Military Adventure in Iraq (Record no. 220453)
[ view plain ]
| 000 -LEADER | |
|---|---|
| fixed length control field | 01386nam a22002297a 4500 |
| 005 - DATE AND TIME OF LATEST TRANSACTION | |
| control field | 20211108162810.0 |
| 008 - FIXED-LENGTH DATA ELEMENTS--GENERAL INFORMATION | |
| fixed length control field | 211108b ||||| |||| 00| 0 eng d |
| 020 ## - INTERNATIONAL STANDARD BOOK NUMBER | |
| International Standard Book Number | 159420103X |
| 040 ## - CATALOGING SOURCE | |
| Transcribing agency | AL |
| 041 ## - LANGUAGE CODE | |
| Language code of text/sound track or separate title | eng |
| 082 ## - DEWEY DECIMAL CLASSIFICATION NUMBER | |
| Edition number | 23 |
| Classification number | 956.70443 |
| Item number | RICF |
| 100 ## - MAIN ENTRY--PERSONAL NAME | |
| Personal name | Thomas E Ricks |
| 9 (RLIN) | 9973 |
| 245 ## - TITLE STATEMENT | |
| Title | FIASCO: The American Military Adventure in Iraq |
| 260 ## - PUBLICATION, DISTRIBUTION, ETC. | |
| Place of publication, distribution, etc. | New York |
| Name of publisher, distributor, etc. | Penguin Press |
| Date of publication, distribution, etc. | 2006 |
| 300 ## - PHYSICAL DESCRIPTION | |
| Extent | xiv,482 p. |
| Other physical details | HB |
| Dimensions | 24x16 cm. |
| 365 ## - TRADE PRICE | |
| Price amount | 27.95 |
| Currency code | $ |
| Unit of pricing | 27.95 |
| 520 ## - SUMMARY, ETC. | |
| Summary, etc. | Fiasco is a masterful reckoning with the planning and execution of the American military invasion and occupation of Iraq through mid-2006, now with a postscript on recent developments. Ricks draws on the exclusive cooperation of an extraordinary number of American personnel, including more than one hundred senior officers, and access to more than 30,000 pages of official documents, many of them never before made public. Tragically, it is an undeniable account—explosive, shocking, and authoritative—of unsurpassed tactical success combined with unsurpassed strategic failure that indicts some of America's most powerful and honored civilian and military leaders. |
| Uniform Resource Identifier | <a href="ttps://digitalcommons.pepperdine.edu/cgi/viewcontent.cgi?article=1044&context=globaltides">ttps://digitalcommons.pepperdine.edu/cgi/viewcontent.cgi?article=1044&context=globaltides</a> |
| 650 ## - SUBJECT ADDED ENTRY--TOPICAL TERM | |
| Topical term or geographic name entry element | American History |
| 9 (RLIN) | 9974 |
| 650 ## - SUBJECT ADDED ENTRY--TOPICAL TERM | |
| Topical term or geographic name entry element | Army of the Euphrates |
| 9 (RLIN) | 9975 |
| 700 ## - ADDED ENTRY--PERSONAL NAME | |
| Personal name | RICKS (Thomas E) |
| 9 (RLIN) | 9976 |
| 942 ## - ADDED ENTRY ELEMENTS (KOHA) | |
| Source of classification or shelving scheme | Dewey Decimal Classification |
| Koha item type | George Fernandes Collections |
| Withdrawn status | Lost status | Source of classification or shelving scheme | Damaged status | Not for loan | Collection code | Home library | Current library | Date acquired | Total Checkouts | Full call number | Barcode | Date last seen | Uniform Resource Identifier | Price effective from | Koha item type |
|---|---|---|---|---|---|---|---|---|---|---|---|---|---|---|---|
| Dewey Decimal Classification | History | St Aloysius Library | St Aloysius Library | 03/24/2013 | 956.70443 RICF | GF03397 | 11/08/2021 | ttps://digitalcommons.pepperdine.edu/cgi/viewcontent.cgi?article=1044&context=globaltides | 11/08/2021 | George Fernandes Collections |